Агрохимия (Запис номер 41901)
[ съкратено ]
| 000 -Лидер | |
|---|---|
| Контролно поле с фиксирана дължина | 01332nam a2200313 c 4500 |
| 003 - Код на организацията, давaща контролен номер | |
| Контролно поле | BLK |
| 005 - Дата и час на последна редакция | |
| Контролно поле | 20221114104749.0 |
| 008 - Елементи от данни с фиксирана дължина | |
| fixed length control field | 180408b bul|||||r ||||||| ||bul|| |
| 010 ## - Наследен системен номер | |
| LC control number | KNG00045501000 |
| 040 ## - Източник на каталожния запис | |
| Идентификатор на билиотеката - собственик на записа | BLK |
| 041 ## - Код за език | |
| Код за езика на текст/звукозапис или на отделно заглавие | Български |
| Код за езика КДБФ | Български |
| 080 ## - УДК | |
| Текстов определител УДК | Торове. Торене. Стимулиране растежа на растенията. Растителни стимулатори |
| УДК код - определител по УДК | 631.8 |
| УДК определител | (075.32) |
| УДК - код + определител | 631.8(075.32) |
| 100 1# - Редна дума - Автор | |
| Автор | Велчев, Велчо В. |
| Авторска отговорност | първи автор |
| R(LIN) | 245114 |
| 139 ## - Редно поле | |
| Редна дума | Велчев, Велчо В. и др. |
| Авторски знак | Велч - В 44 |
| 245 10 - Сведения за заглавието | |
| Заглавие | Агрохимия |
| Подзаглавни данни | Учебник за селскостоп. техникуми със спец. агрохимия и раст. защита |
| Редно поле (дума) | Велчо Велчев; Георги В. Николов. |
| 257 ## - Страна на издаване | |
| Страна на създаване/издаване | България |
| 260 ## - Област на издателските данни | |
| Име на издателя, разпространителя и проч. | Земиздат |
| Година на издаване | 1978 |
| Печатница | Хасково : Ат. Стратиев |
| Място на издаване, разпространение и проч. | София |
| 300 ## - Физическа характеристика | |
| Страници | 223 с. |
| Размери/Мащаб | 22 см |
| 380 ## - Жанр | |
| Жанр | Селско стопанство |
| 500 ## - Общи забележки | |
| Забележка | 1070 тир. |
| 650 #4 - Допълнително описание по предмет – тема | |
| Основно описание – тема или топоним | Агрохимия |
| 9 (RLIN) | 146490 |
| 650 #4 - Допълнително описание по предмет – тема | |
| Основно описание – тема или топоним | Учебници - за средните училища |
| 9 (RLIN) | 265747 |
| 700 1# - Други автори (авторска отговорност) | |
| Лично име | Николов, Георги В. |
| Автороска отговорност (Описва отношението между автора и произведението) | съавт. |
| 9 (RLIN) | 366994 |
| 852 ## - Местоположение | |
| Форматна сигнатура | Цб 92175 |
| 856 4# - Електронен адрес и достъп | |
| Електронен формат | pdf - файл |
| Инструкция (цена за достъп) | 0.00 |
| Права за достъп | disable |
| 856 4# - Електронен адрес и достъп | |
| Електронен формат | pdf - файл |
| Инструкция (цена за достъп) | 0.00 |
| Права за достъп | disable |
| 999 ## - СИСТЕМНИ КОНТРОЛНИ НОМЕРА | |
| Koha biblionumber | 41901 |
| Koha biblioitemnumber | 41901 |
| 942 ## - АРТИКУЛИ | |
| Вид на библиотечния материал | Книги |
| Скрит в OPAC | Не |
| Периодичен библиозапис | Да |
| 944 ## - СЪЗДАВАНЕ И РЕДАКЦИЯ на ЗАПИСА | |
| Създаване/Редакция | Създаване |
| Дата на регистрацията/редакция | 2022-11-14 |
| Служител, извършил регистрацията/редакцията | вт |
| Код за отписване | Код за изгубен артикул | Източник на класификационната схема | Код за повреда | Коз за рестрикции | Код за отдаване | Артикулен № | Име на библиотеката - собственик | Име на библиотеката, в която се намира в момента | Статус (Текущо местоположение) | Дата на вписване в системата | Местоположение - отдел | Цена в лева | Инвентарен номер | Систематично азбучна сигнатура | Баркод | Номер на екземпляра | Цена в евро | Служебна бележка | Служебен тип на артикула |
|---|---|---|---|---|---|---|---|---|---|---|---|---|---|---|---|---|---|---|---|
| Не е изгубен | Universal Decimal Classification | Не е повреден | без рестрикции | ползва се в читалня | 65606 | Регионална библиотека "Любен Каравелов" Русе | Регионална библиотека "Любен Каравелов" Русе | Хранилище | 1978-01-01 | Хранилище | 0.55 | 257847 | Цб 92175 | 120000257847 | 1 | 0.28 | Дост: Dp Вид: Д N: сф Дата: 01.01.1978 | Книги | |
| Изтеглен | Не е изгубен | Universal Decimal Classification | Не е повреден | без рестрикции | заемане за дома | 65607 | Регионална библиотека "Любен Каравелов" Русе | Регионална библиотека "Любен Каравелов" Русе | Заемна - подръчен фонд | 1978-01-01 | Заемна - подръчен фонд | 0.55 | 264512 | П 631.8/В 44 | 264512 | 2 | 0.28 | Вид: Сф Дата: 01.01.1978 | Книги |